Капуста краснокочанная свежая (Запись № 99971)

Подробности
000 -МАРКЕР
контрольное поле 01562nam0a2200349 4500
001 - ИДЕНТИФИКАТОР ЗАПИСИ
контрольное поле RU\NLR\bibl\629830
005 - ИДЕНТИФИКАТОР ВЕРСИИ
контрольное поле 20250610154326.0
021 ## - НОМЕР ГОСУДАРСТВЕННОЙ РЕГИСТРАЦИИ
Код страны Российская Федерация
Номер 87-70027
029 10 - НОМЕР ДОКУМЕНТА (нормативные и технические документы. Неопубликованные документы)
Страна Российская Федерация
Номер 7967-87
Тип номера документа ГОСТ
035 ## - ДРУГИЕ СИСТЕМНЫЕ НОМЕРА
Идентификатор записи (NLR Aleph) 000620660
100 ## - ДАННЫЕ ОБЩЕЙ ОБРАБОТКИ
Данные общей обработки 20050218d1987 |||y0rusy50 ca
101 0# - ЯЗЫК РЕСУРСА
Язык текста, звукозаписи и т.д. русский
102 ## - СТРАНА ПУБЛИКАЦИИ ИЛИ ПРОИЗВОДСТВА
Страна публикации Российская Федерация
105 ## - ПОЛЕ КОДИРОВАННЫХ ДАННЫХ: ТЕКСТОВЫЕ МАТЕРИАЛЫ, МОНОГРАФИЧЕСКИЕ
Кодированные данные о монографическом текстовом документе ||||l |||||
200 1# - ЗАГЛАВИЕ И СВЕДЕНИЯ ОБ ОТВЕТСТВЕННОСТИ
Основное заглавие Капуста краснокочанная свежая
Сведения, относящиеся к заглавию технические условия
210 ## - ПУБЛИКАЦИЯ, РАСПРОСТРАНЕНИЕ И ДР.
Место издания, распространения и т.д. Москва
Имя издателя, распространителя и т. д. Изд-во стандартов
Дата издания, распространения и т.д. 1987
215 ## - ФИЗИЧЕСКАЯ ХАРАКТЕРИСТИКА
Специфическое обозначение материала и объем 7 с.
229 ## - ОБЛАСТЬ СПЕЦИФИЧЕСКИХ СВЕДЕНИЙ: НОРМАТИВНО-ТЕХНИЧЕСКИЕ И ТЕХНИЧЕСКИЕ ДОКУМЕНТЫ (устаревшее)
Сведения Срок действия 01.07.88
300 ## - ОБЩИЕ ПРИМЕЧАНИЯ
Текст примечания Послед. переизд. 1991 с изм. N1 (91-53348)
300 ## - ОБЩИЕ ПРИМЕЧАНИЯ
Текст примечания Заменено на ГОСТ 7967-2015 и UNECE STANDARD FFV-09:2012
442 #0 - ЗАМЕНЕН НА ...
Встроенное поле 001RU\NLR\BIBL_A\011005443
-- 2001#$aКапуста краснокочанная свежая
Системный номер (АБИС) связанной записи 10992227
Место публикации Москва
Дата публикации 2016
Издание Изд. офиц.
Первые сведения об ответственности подгот. Науч.-исслед. центром "Кубаньагростандарт"
Параллельное заглавие Fresh red-headed cabbage. Specifications
Имя издателя, распространителя и т.д. Стандартинформ
Сведения, относящиеся к заглавию технические условия : ГОСТ 7967-2015 : UNECE STANDARD FFV-09:2012
Физическая характеристика IV, 11, [1] c.
Заглавие Капуста краснокочанная свежая
610 0# - НЕКОНТРОЛИРУЕМЫЕ ПРЕДМЕТНЫЕ ТЕРМИНЫ
Предметный термин овощи
686 ## - ИНДЕКСЫ ДРУГИХ КЛАССИФИКАЦИЙ
Индекс С42
Издание 1941
Код системы общеросс. классификатор стандартов
801 #0 - ИСТОЧНИК ЗАПИСИ
Страна Российская Федерация
Организация NLR
Дата составления 20050218
Правила каталогизации PSBO
801 #1 - ИСТОЧНИК ЗАПИСИ
Страна Российская Федерация
Организация NLR
Дата составления 20050218
Источник данных ntd_isis
801 #2 - ИСТОЧНИК ЗАПИСИ
Страна Российская Федерация
Организация NLR
Дата составления 20050218
Правила каталогизации PSBO
Источник данных rusmarc
852 ## - МЕСТОНАХОЖДЕНИЕ И ШИФР ХРАНЕНИЯ
Идентификатор организации NLR
Шифр хранения (Call Number) Пт
942 ## - ДОПОЛНИТЕЛЬНЫЕ ЭЛЕМЕНТЫ ЗАПИСИ (АБИС)
Тип экземпляра АБИС Книга
980 ## - КОЛЛЕКЦИЯ
Название коллекции Национальная библиография
Экземпляры
Тип экземпляра Дата поступления Библиотека постоянного хранения Библиотека текущего хранения Место хранения Шифр хранения Штрих-код Статус экземпляра
Книга 26.10.2013 РНБ (Московский) РНБ (Московский) Фонд нормативно-технических и технических документов Пт 620660-10